[Event "ICS rated blitz match"]
[Site "207.99.83.227"]
[Date "1999.05.10"]
[Round "?"]
[White "Hossa"]
[Black "egghead"]
[Result "1-0"]
[WhiteElo "2400"]
[BlackElo "2492"]
[PlyCount "91"]

1. e4 c5 2. Nc3 Nc6 3. Nf3 d6 4. d4 cxd4 5. Nxd4 Nf6 6. Bb5 Bd7 7. O-O g6 8.
Bg5 Bg7 9. Bxf6 Bxf6 10. Bxc6 bxc6 11. Qd3 O-O 12. Rad1 Bg7 13. f4 Rb8 14. b3
Bg4 15. Rd2 Qd7 16. e5 dxe5 17. fxe5 Bxe5 18. Qe3 Qc7 19. h3 Bd7 20. h4 c5 21.
Nde2 Bf5 22. Nd5 Qd6 23. Qg5 f6 24. Qh6 Rfe8 25. h5 Qc6 26. Ne3 Be4 27. hxg6
hxg6 28. Nc4 Bc7 29. Nc3 Rbd8 30. Re2 Bf5 31. a4 Qd7 32. Ne3 Be5 33. Nxf5 gxf5
34. Rxe5 fxe5 35. Qg6+ Kh8 36. Rf3 f4 37. g4 Qd4+ 38. Kh1 Qxc3 39. Rxc3 Rd1+
40. Kg2 Rd2+ 41. Kf1 Rd1+ 42. Ke2 Rh1 43. Qxe8+ Kg7 44. Qxe7+ Kg8 45. Rxc5 f3+
46. Kd2 {egghead resigns} 1-0

[Event "ICS rated blitz match"]
[Site "207.99.83.227"]
[Date "1999.05.10"]
[Round "?"]
[White "egghead"]
[Black "Hossa"]
[Result "0-1"]
[WhiteElo "2472"]
[BlackElo "2420"]
[PlyCount "88"]

1. d4 Nf6 2. c4 d6 3. Nc3 Nbd7 4. e4 e5 5. d5 Be7 6. Nf3 Nc5 7. Qc2 O-O 8. Be2
a5 9. O-O Ng4 10. Qd2 f5 11. exf5 Bxf5 12. Ng5 Qd7 13. Qd1 Rae8 14. Bd2 e4 15.
Ncxe4 Nxe4 16. Nxe4 Nxh2 17. Kxh2 Bxe4 18. Bxa5 b6 19. Bc3 Qf5 20. Kg1 Bh4 21.
Bd4 Qg6 22. f3 Bf5 23. g4 Bf6 24. Bxf6 Rxf6 25. Rf2 Rf7 26. Rg2 Bd7 27. Qd2 Qf6
28. Rd1 Qh4 29. b4 Qh3 30. Re1 Qh4 31. Rc1 Re5 32. c5 dxc5 33. bxc5 bxc5 34.
Rxc5 Rxf3 35. Ra5 Rh3 36. Ra8+ Be8 37. Kf1 Rh1+ 38. Rg1 Qh3+ 39. Kf2 Rh2+ 40.
Ke1 Qf3 41. Kd1 Rhxe2 42. Rd8 Rxd2+ 43. Kxd2 Re2+ 44. Kd1 44... Qd3+ {
egghead resigns} 0-1

[Event "ICS rated blitz match"]
[Site "207.99.83.227"]
[Date "1999.05.10"]
[Round "?"]
[White "Hossa"]
[Black "sicillianknight"]
[Result "1/2-1/2"]
[WhiteElo "2438"]
[BlackElo "2642"]
[PlyCount "157"]

1. e4 g5 2. Nf3 g4 3. Ne5 Nf6 4. Bc4 e6 5. O-O Rg8 6. Be2 Nxe4 7. d3 Nd6 8.
Bxg4 Nc6 9. Re1 Nxe5 10. Rxe5 Qh4 11. Bf3 f5 12. Nc3 Bg7 13. Re2 Bf6 14. Nd5
Bd8 15. Kh1 c6 16. g3 Qd4 17. c3 Qg7 18. Bf4 Nf7 19. Nc7+ Bxc7 20. Bxc7 Qf8 21.
Qa4 Qh6 22. Rae1 Qh3 23. Bg2 Qg4 24. Qxg4 fxg4 25. f4 Kf8 26. f5 exf5 27. d4 h5
28. d5 Kg7 29. Rf1 Kf6 30. Be4 d6 31. dxc6 bxc6 32. Bxc6 Ba6 33. Ref2 Bxf1 34.
Bxa8 Rxa8 35. Rxf1 h4 36. Rf4 h3 37. Rd4 Re8 38. Rd1 Re2 39. Bxd6 Nxd6 40.
Rxd6+ Ke5 41. Rd1 Rxb2 42. a4 Rc2 43. Re1+ Kd5 44. Kg1 Rxc3 45. Rf1 Ke4 46.
Re1+ Re3 47. Ra1 f4 48. gxf4 Kxf4 49. Rf1+ Rf3 50. Ra1 a5 51. Ra2 Rb3 52. Kf2
g3+ 53. hxg3+ Rxg3 54. Ra1 Rg2+ 55. Kf1 Kg4 56. Rc1 Rg3 57. Rc4+ Kg5 58. Rc5+
Kh4 59. Rc4+ Rg4 60. Rxg4+ Kxg4 61. Kg1 Kg5 62. Kh1 Kh5 63. Kh2 Kh4 64. Kh1 Kg3
65. Kg1 Kf4 66. Kh2 Ke3 67. Kxh3 Kd4 68. Kg4 Kc3 69. Kf4 Kb4 70. Ke3 Kxa4 71.
Kd2 Ka3 72. Kc3 Ka2 73. Kc4 a4 74. Kc3 Ka3 75. Kc2 Ka2 76. Kc3 a3 77. Kc2 Ka1
78. Kb3 a2 79. Kc2 {sicillianknight stalemated} 1/2-1/2

[Event "ICS rated blitz match"]
[Site "207.99.83.227"]
[Date "1999.05.10"]
[Round "?"]
[White "Hossa"]
[Black "Fallen-Star"]
[Result "1-0"]
[WhiteElo "2446"]
[BlackElo "2221"]
[PlyCount "55"]

1. e4 e5 2. f4 d5 3. exd5 exf4 4. Bb5+ c6 5. dxc6 Nxc6 6. Nf3 Bd6 7. d4 Nge7 8.
O-O O-O 9. Nbd2 Ng6 10. Nc4 Bc7 11. d5 Nce5 12. Nfxe5 Bxe5 13. Nxe5 Qb6+ 14.
Kh1 Qxb5 15. c4 Qc5 16. Bxf4 Nxe5 17. Bxe5 Qxc4 18. Rf4 Qb5 19. Qf3 Bd7 20. Qg3
g6 21. Qg5 f6 22. Bxf6 Be8 23. Qh6 Qd7 24. Rc1 Rf7 25. Qg5 Rc8 26. Re1 Rc5 27.
Rfe4 Rc8 28. a4 {Fallen-Star resigns} 1-0

[Event "ICS rated blitz match"]
[Site "207.99.83.227"]
[Date "1999.05.10"]
[Round "?"]
[White "sicillianknight"]
[Black "Hossa"]
[Result "1-0"]
[WhiteElo "2634"]
[BlackElo "2453"]
[Annotator "Crafty v16.6"]
[PlyCount "123"]

{annotating for player ossa using a scoring margin of +0.20 pawns. search time
limit is 1:00} 1. e4 1... e5 2. Nf3 Nf6 3. d4 exd4 4. e5 Ne4 5. Qxd4 d5 6. exd6
Nxd6 7. Nc3 Nc6 8. Qf4 Bf5 9. Bb5 Qe7+ ({9:-0.90} 9... Qe7+ 10. Kf1 Bxc2 11.
Nd5 Qd7 12. Ne5 Qc8 13. Bxc6+ bxc6 14. Nb4 Qf5 15. Nbxc6 Qxf4 16. Bxf4 $16) ({
9:-0.63} 9... Be7 10. Nd4 Bd7 11. Nxc6 bxc6 12. Ba4 Nb5 13. Ne4 Bb4+ 14. c3
14... Ba5 $14) 10. Be3 Nxb5 11. Nxb5 Qb4+ 12. Qxb4 Bxb4+ 13. c3 Ba5 14. b4 Bd3
15. a4 a6 16. Nbd4 Nxb4 17. cxb4 Bxb4+ 18. Kd1 O-O 19. Ne5 Be4 20. f3 Rfe8 21.
fxe4 Rxe5 22. Nc2 Rxe4 23. Nxb4 Rxe3 24. Re1 Rb3 25. Re4 c5 26. Nc2 b5 27. axb5
Rd8+ 28. Kc1 axb5 29. Ra7 Rbd3 30. Re5 Rd2 31. Rxc5 Rxg2 32. Rd7 Rf8 33. h4
Rg1+ 34. Kb2 Rh1 35. h5 f5 36. Rcc7 Rxh5 37. Rxg7+ Kh8 38. Nd4 Rd8 39. Rgf7
Rh2+ 40. Nc2 Rh5 41. Ne3 f4 42. Rxf4 Re8 43. Rff7 Rh2+ 44. Nc2 Rb8 45. Rfe7 b4
46. Kb3 Rh3+ 47. Ne3 h5 48. Kc4 Rh4+ 49. Kb3 Rh3 50. Re6 Kg8 51. Re5 Rh1 52.
Nd5 Rh3+ 53. Kc4 Kh8 54. Re6 Kg8 55. Rg6+ Kf8 56. Rh6 Rh4+ 57. Kc5 Rg4 58. Nf6
Rg5+ 59. Kc6 Rb6+ 60. Kxb6 Rg8 61. Rhh7 b3 62. Rcf7# 1-0

[Event "ICS rated blitz match"]
[Site "207.99.83.227"]
[Date "1999.05.10"]
[Round "?"]
[White "sicillianknight"]
[Black "Hossa"]
[Result "1-0"]
[WhiteElo "2676"]
[BlackElo "2445"]
[Annotator "Crafty v16.6"]
[PlyCount "207"]

{annotating for player ossa using a scoring margin of +0.20 pawns. search time
limit is 1:00} 1. e4 1... e5 2. Nf3 Nf6 3. d4 exd4 4. e5 Ne4 5. Qxd4 d5 6. exd6
Nxd6 7. Nc3 Nc6 8. Qf4 Bf5 9. Bb5 Qe7+ ({9:-0.90} 9... Qe7+ 10. Kf1 Bxc2 11.
Nd5 Qd7 12. Ne5 Qc8 13. Bxc6+ bxc6 14. Nb4 Qf5 15. Nbxc6 Qxf4 16. Bxf4 $16) ({
9:-0.63} 9... Be7 10. Nd4 Bd7 11. Nxc6 bxc6 12. Ba4 Nb5 13. Ne4 Bb4+ 14. c3
14... Ba5 $14) 10. Be3 Nxb5 11. Nxb5 Qb4+ 12. Qxb4 Bxb4+ 13. c3 Ba5 14. b4 Bd3
15. a4 a6 16. Nbd4 Nxb4 17. cxb4 Bxb4+ 18. Kd1 O-O 19. Ne5 Be4 20. f3 Rfe8 21.
fxe4 Rxe5 22. Nc2 Rxe4 23. Nxb4 Rxe3 24. Re1 Rb3 25. Re4 c5 26. Nc2 b5 27. axb5
Rd8+ 28. Kc1 axb5 29. Re5 Rc3 30. Rd5 Rc8 31. Ra7 h6 32. Rdd7 Rf8 33. Rac7 b4
34. Kb1 g5 35. Rd5 b3 36. Na1 c4 37. Kb2 Re3 38. Rxc4 Re2+ 39. Kxb3 Rb8+ 40.
Kc3 Rxg2 41. h4 Rg3+ 42. Kd2 Rg1 43. Nc2 Rg2+ 44. Kc1 gxh4 45. Rxh4 Rb6 46. Ne3
Rf2 47. Ng4 Rf1+ 48. Kd2 Kg7 49. Rhh5 Rf3 50. Rd4 Rb2+ 51. Ke1 Rg3 52. Kf1 Rc3
53. Nf2 Rf3 54. Rh2 h5 55. Rg2+ Kf6 56. Kg1 Rb1+ 57. Kh2 Ke7 58. Nh3 Rbf1 59.
Re2+ Kf8 60. Kg2 Rf6 61. Rd8+ Kg7 62. Ree8 R6f5 63. Rg8+ Kf6 64. Ng5 R5f2+ 65.
Kh3 Rh1+ 66. Kg3 Rff1 67. Nf3 Rd1 68. Rc8 Rhf1 69. Rc6+ Ke7 70. Rc7+ Kd6 71.
Rgc8 h4+ 72. Nxh4 Rg1+ 73. Ng2 Rdf1 74. Rc6+ Ke5 75. Re8+ Kd5 76. Rc2 f6 77.
Rd2+ Kc6 78. Re6+ Kc7 79. Rf2 f5 80. Rf6 Kb7 81. R6xf5 Re1 82. Kf3 Re7 83. Ne3
Reg7 84. Ke4 Re7+ 85. Kd4 Re1 86. Nd5 Rd7 87. Rb2+ Ka7 88. Rc2 Rd1+ 89. Kc4 Ra1
90. Kb5 Rb7+ 91. Kc5 Rd7 92. Rc3 Ra6 93. Rb3 Ra1 94. Kc6 Rg7 95. Rf6 Rh7 96.
Rg6 Ra6+ 97. Rb6 Ra2 98. Nc3 Rc2 99. Rb3 Rg2 100. Nb5+ Ka8 101. Rxg2 Rh6+ 102.
Nd6 Rh7 103. Ra3+ Ra7 104. Rg8# 1-0

[Event "ICS rated blitz match"]
[Site "207.99.83.227"]
[Date "1999.05.10"]
[Round "?"]
[White "Hossa"]
[Black "zenner"]
[Result "1-0"]
[WhiteElo "2438"]
[BlackElo "2046"]
[PlyCount "80"]

1. e4 c5 2. Nc3 g6 3. Be2 Bg7 4. Nf3 e6 5. d4 cxd4 6. Nxd4 Ne7 7. O-O O-O 8.
Bg5 h6 9. Bh4 g5 10. Bg3 d5 11. exd5 Nxd5 12. Nxd5 Qxd5 13. Nb5 Qxd1 14. Raxd1
Na6 15. c3 e5 16. Nd6 Be6 17. Nxb7 Nc7 18. b3 Nd5 19. c4 Nc3 20. Rd2 Nxe2+ 21.
Rxe2 f6 22. Rd1 h5 23. f3 Rab8 24. Nc5 Bf5 25. Red2 Rbc8 26. Bf2 Rfe8 27. Ne4
Bxe4 28. fxe4 Re7 29. Rd8+ Rxd8 30. Rxd8+ Kf7 31. Ra8 Rd7 32. Rxa7 Rxa7 33.
Bxa7 Bf8 34. c5 Ke6 35. Kf2 f5 36. exf5+ Kxf5 37. a4 e4 38. b4 Ke5 39. b5 Kd5
40. Bb6 40... Bd6 {zenner resigns} 1-0

[Event "ICS Rated blitz match"]
[Site "207.99.83.227"]
[Date "1999.05.10"]
[Round "?"]
[White "sicillianknight"]
[Black "Hossa"]
[Result "1/2-1/2"]
[WhiteElo "2695"]
[BlackElo "2441"]
[PlyCount "222"]

1. e4 e5 2. Nf3 Nf6 3. d4 exd4 4. e5 Ne4 5. Qxd4 d5 6. exd6 Nxd6 7. Nc3 Nc6 8.
Qf4 Bf5 9. Bb5 Qe7+ 10. Be3 Nxb5 11. Nxb5 Qb4+ 12. Qxb4 Bxb4+ 13. c3 Ba5 14. b4
Bd3 15. a4 a6 16. Nbd4 Nxb4 17. cxb4 Bxb4+ 18. Kd1 O-O 19. Ne5 Be4 20. f3 Rfe8
21. fxe4 Rxe5 22. Nc2 Rxe4 23. Nxb4 Rxe3 24. Re1 Rb3 25. Re4 c5 26. Nc2 b5 27.
axb5 Rd8+ 28. Kc1 axb5 29. Ra7 Rbd3 30. Re5 Rd2 31. Rxc5 Rxg2 32. Rd7 Rf8 33.
h4 Rh2 34. Rd4 h6 35. Rxb5 Rc8 36. Rb2 f6 37. Kd1 h5 38. Kc1 g5 39. Rd6 Rxh4
40. Rxf6 Rh1+ 41. Kd2 Rh2+ 42. Kd3 Rd8+ 43. Ke4 Kg7 44. Rc6 Rh4+ 45. Kf5 Rd5+
46. Ke6 Ra5 47. Rb7+ Kg6 48. Ke7+ Kg7 49. Ke8+ Kg8 50. Rg6+ Kh8 51. Rgg7 Ra8+
52. Kf7 Rc8 53. Ne3 Rb4 54. Re7 Rf4+ 55. Kg6 Rc6+ 56. Kxh5 Rh4+ 57. Kxg5 Rg4+
58. Kxg4 Rg6+ 59. Kf5 Rg5+ 60. Kf6 Rg6+ 61. Ke5 Rxg7 62. Re6 Kg8 63. Nf5 Rc7
64. Kf6 Kh7 65. Rd6 Ra7 66. Kg5 Rc7 67. Rd8 Rf7 68. Ra8 Rd7 69. Ra6 Rc7 70. Kf6
Rb7 71. Rc6 Ra7 72. Rb6 Rc7 73. Kg5 Rd7 74. Rb8 Rc7 75. Nd4 Rg7+ 76. Kf6 Rg6+
77. Kf5 Rg1 78. Rb7+ Rg7 79. Rb3 Rf7+ 80. Kg5 Rg7+ 81. Kf6 Rg6+ 82. Kf5 Rg2 83.
Rh3+ Kg8 84. Kf6 Rg7 85. Nf5 Rf7+ 86. Kg6 Rc7 87. Nd6 Rg7+ 88. Kf6 Rd7 89. Rg3+
Kf8 90. Rd3 Kg8 91. Ke6 Ra7 92. Rd5 Kh7 93. Kf6 Rg7 94. Rh5+ Kg8 95. Re5 Kh7
96. Nf5 Rg6+ 97. Kf7 Rb6 98. Ne7 Rd6 99. Rh5+ Rh6 100. Rg5 Rb6 101. Rd5 Ra6
102. Rc5 Rd6 103. Rf5 Rb6 104. Ra5 Rd6 105. Nf5 Rd7+ 106. Kf6 Rb7 107. Ra6 Rd7
108. Ra4 Kh8 109. Kg5 Kg8 110. Ra6 Kf8 111. Rg6 111... Rc7 {
Game drawn by the 50 move rule} 1/2-1/2

[Event "ICS rated blitz match"]
[Site "207.99.83.227"]
[Date "1999.05.10"]
[Round "?"]
[White "Hossa"]
[Black "sicillianknight"]
[Result "0-1"]
[WhiteElo "2451"]
[BlackElo "2689"]
[Annotator "Crafty v16.6"]
[PlyCount "68"]

{annotating for player ossa using a scoring margin of +0.20 pawns. search time
limit is 1:00} 1. e4 1... c5 2. Nc3 Nc6 3. Nf3 g6 4. Bc4 Bg7 5. d3 Na5 6. Bb5 (
{10:-0.14} 6. Bb5 6... a6 7. Ba4 b5 8. Bb3 Bb7 9. Nd2 Nf6 10. O-O 10... O-O $10
) ({10:+0.15} 6. e5 6... Nh6 7. O-O Nxc4 8. dxc4 O-O 9. Ne4 Ng4 10. Qd5 $10)
6... a6 7. Ba4 b5 8. Bb3 Bb7 9. Bd2 ({9:-0.38} 9. Bd2 9... Nxb3 10. axb3 Nf6
11. O-O O-O 12. Bg5 b4 13. Bxf6 Bxf6 14. Na4 $15) ({9:-0.17} 9. e5 9... e6 10.
O-O Bxf3 11. Qxf3 Bxe5 12. Be3 Rc8 13. Qh3 Nxb3 14. cxb3 $10) 9... Nf6 10. O-O
({10:-0.49} 10. O-O 10... O-O 11. Qe1 Nxb3 12. axb3 d6 13. Nd1 Ng4 14. b4 c4
15. dxc4 15... bxc4 $15) ({10:+0.32} 10. e5 10... Ng8 11. Bd5 Bxd5 12. Nxd5 Nc6
13. Bf4 e6 14. Nc3 f6 15. Qe2 $14) 10... O-O 11. Qe2 Qc7 12. Ng5 ({10:-0.68} 
12. Ng5 12... Nxb3 13. axb3 e5 14. Nd1 b4 15. c3 bxc3 16. bxc3 h6 17. Nf3 17...
d6 $15) ({10:-0.17} 12. Nd5 12... Nxd5 13. Bxd5 Nc6 14. a4 e6 15. axb5 axb5 16.
Rxa8 Rxa8 17. Bb3 Qd6 18. Bc3 $10) 12... Nxb3 13. axb3 Qe5 14. f4 Qc7 15. f5 h6
16. fxg6 ({9:-1.81} 16. fxg6 16... hxg5 17. gxf7+ Rxf7 18. Bxg5 Raf8 19. h3 b4
20. Na4 d6 21. g4 $19) ({9:-0.40} 16. Nh3 16... b4 17. Na4 g5 18. c3 d5 19. Be3
Nd7 20. exd5 20... Bxd5 $15) 16... hxg5 17. gxf7+ Rxf7 18. Bxg5 Raf8 19. Bf4 ({
8:-2.05} 19. Bf4 19... d6 20. Bg5 b4 21. Na4 Nh7 22. Qg4 Nxg5 23. Qxg5 $19) ({
8:-1.83} 19. g4 19... d6 20. h4 b4 21. Na4 e5 22. h5 22... Qd7 $19) 19... d6
20. Bc1 ({9:-2.31} 20. Bc1 20... Qd7 21. h4 Ng4 22. Be3 Nxe3 23. Rxf7 Rxf7 24.
Qxe3 24... e5 $19) ({9:-2.01} 20. Bg5 20... b4 21. Na4 Nh7 22. Be3 e5 23. h4
Nf6 24. h5 $19) 20... Qd7 21. Rf5 ({10:-2.81} 21. Rf5 21... d5 22. Nxd5 Bxd5
23. Rxa6 Bb7 24. Ra7 Ne8 25. g4 Qd4+ 26. Be3 $19) ({10:-2.31} 21. h3 21... Ng4
22. Rxf7 Bd4+ 23. Kf1 Rxf7+ 24. Ke1 Nf2 25. Be3 b4 26. Bxd4 cxd4 27. Nd5 $19)
21... d5 22. Rf3 ({9:-3.51} 22. Rf3 22... dxe4 23. dxe4 b4 24. Nd5 Nxe4 25.
Rxf7 Rxf7 26. Qxe4 Bd4+ 27. Be3 27... Bxd5 $19) ({9:-2.96} 22. Bg5 22... dxe4
23. dxe4 b4 24. Bxf6 Bxf6 25. Nd1 Qd4+ 26. Qe3 Bxe4 27. Rxc5 27... Qd6 $19)
22... dxe4 23. dxe4 b4 24. Na4 Nxe4 25. Be3 Bd4 26. Rxf7 Rxf7 27. Nb6 ({8:-4.40
} 27. Nb6 27... Qc6 28. Bxd4 Nf2 29. Qxf2 Rxf2 30. Kxf2 Qxg2+ 31. Ke3 Qe4+ 32.
Kd2 32... cxd4 $19) ({8:-3.74} 27. Re1 27... Qc6 28. Qg4+ Rg7 29. Qf3 Nd2 30.
Qxc6 Bxc6 31. g3 Nf3+ 32. Kf2 Nxe1 33. Bxd4 cxd4 34. Kxe1 $19) 27... Qc6 28.
Bxd4 Nf2 29. Kf1 ({10:-8.82} 29. Kf1 29... Qxg2+ 30. Ke1 cxd4 31. Nd7 Qh1+ 32.
Kd2 Qxa1 33. Nc5 Bf3 34. Qe1 Bd1 35. Ne4 $19) ({10:-7.21} 29. Qxf2 29... Rxf2
30. Kxf2 cxd4 31. Ke1 Qxb6 32. h4 Qe6+ 33. Kd1 Qg4+ 34. Kd2 Qf4+ 35. Kd3 35...
Bxg2 $19) 29... Qxg2+ 30. Ke1 cxd4 31. Nd5 Bxd5 32. h4 Qg1+ 33. Kd2 Qxa1 34.
Qh5 Ne4+ 0-1

[Event "ICS rated blitz match"]
[Site "207.99.83.227"]
[Date "1999.05.10"]
[Round "?"]
[White "RedBear"]
[Black "Hossa"]
[Result "1-0"]
[WhiteElo "2487"]
[BlackElo "2445"]
[Annotator "Crafty v16.6"]
[PlyCount "173"]

{annotating for player ossa using a scoring margin of +0.20 pawns. search time
limit is 1:00} 1. e4 1... e5 2. Nf3 Nf6 3. Nxe5 Qe7 4. d4 d6 5. Nf3 Qxe4+ 6.
Be2 Bf5 7. c3 Be7 8. O-O O-O 9. Na3 Nbd7 10. Ng5 Qc6 11. Re1 Rae8 12. g4 Bg6
13. Bb5 Qb6 14. Ba4 d5 15. Nc2 c5 ({9:+0.13} 15... c5 16. f4 Bxc2 17. Bxc2 Bd6
18. Rxe8 Rxe8 19. Bf5 Qc7 20. Qf1 20... Qd8 $10) ({9:+0.47} 15... Qd6 16. f4
Ne4 17. Nf3 f6 18. Nh4 Bf7 19. Nf5 Qe6 20. Nxe7+ 20... Rxe7 $15) 16. Nf3 Qa5
17. Bxd7 Nxd7 18. dxc5 Qxc5 19. Ncd4 Nf6 ({9:+0.12} 19... Nf6 20. Nh4 Ne4 21.
Nxg6 fxg6 22. f3 Nf2 23. Qe2 Nh3+ 24. Kh1 24... g5 $10) ({9:+0.64} 19... Qc7
20. h4 Be4 21. Ng5 Bxg5 22. Bxg5 Ne5 23. Bf4 Qd7 24. g5 $15) 20. h3 Ne4 21. Qb3
Qc7 ({9:+0.16} 21... Qc7 22. Qxd5 Rd8 23. Qe5 Bd6 24. Qb5 Rfe8 25. Bg5 25...
Rd7 $10) ({9:+0.48} 21... b6 22. Bf4 Bd6 23. Bxd6 Qxd6 24. Qa4 a5 25. Qc6 Qd8
26. Rad1 $15) 22. Be3 Qd7 ({10:-0.44} 22... Qd7 23. Ne5 Qd6 24. Nxg6 hxg6 25.
Nb5 Qd7 26. Rad1 Rd8 27. Nxa7 27... Rfe8 $14) ({10:+0.17} 22... a6 23. Qxd5 Rd8
24. Qb3 Rfe8 25. Qd1 Qd6 26. Qe2 Qd5 27. Bf4 $10) 23. Bf4 Bf6 ({11:+0.00} 23...
Bf6 24. Qb5 Rd8 25. Qxd7 Rxd7 26. h4 Nc5 27. g5 Bxd4 28. cxd4 Ne4 29. Ne5 Re7
30. Nxg6 30... hxg6 $10) ({11:+0.72} 23... Nc5 24. Ne5 Qd8 25. Qd1 Be4 26. f3
Bg5 27. Bh2 f6 28. Nec6 bxc6 29. fxe4 $17) 24. Qb5 Re7 25. Qxd7 Rxd7 26. Be5
Bd8 27. Re2 Re7 28. Rae1 Rfe8 29. Bf4 Bb6 ({10:-0.33} 29... Bb6 30. Nh4 Bxd4
31. cxd4 Re6 32. f3 Nc5 33. Rxe6 Nxe6 34. Nxg6 fxg6 35. Kf2 35... Kf7 $14) ({
10:+0.34} 29... Nc5 30. Rxe7 Rxe7 31. Rxe7 Bxe7 32. Ne5 Be4 33. f3 Bb1 34. Nf5
Bxf5 35. gxf5 35... Kf8 $15) 30. Bd6 Rd7 31. Ba3 a6 32. Kg2 f5 33. gxf5 Bh5 34.
Re3 Bxf3+ 35. Rxf3 Rf7 36. h4 Bxd4 37. cxd4 g6 38. Rfe3 gxf5 39. f3 f4 40. R3e2
Rd8 41. Kh2 Ng3 42. Re8+ Rxe8 43. Rxe8+ Kg7 44. Bd6 h6 45. Kh3 Nf1 46. h5 Rf5
47. Re5 Ne3 48. Rxf5 Nxf5 49. Be5+ Kf7 50. Kg4 Ke6 51. Kxf4 Ne7 52. Ke3 Kf5 53.
Bf4 Ng8 54. a3 a5 55. b3 b5 56. Bc7 Nf6 57. Bxa5 Nxh5 58. a4 bxa4 59. bxa4 Ng7
60. Bb6 Ke6 61. a5 Kd6 62. a6 Kc6 63. a7 Kb7 64. Kf4 Ne8 65. Ke5 h5 66. Kf5 h4
67. Kg4 Nf6+ 68. Kxh4 Nd7 69. Bc5 Nxc5 70. dxc5 Kxa7 71. f4 d4 72. Kg4 Ka6 73.
f5 d3 74. Kf3 Kb5 75. f6 d2 76. Ke2 Kxc5 77. f7 d1=R 78. Kxd1 Kd6 79. f8=Q+ Ke6
80. Kc2 Kd7 81. Kd3 Ke6 82. Ke4 Kd7 83. Kd5 Kc7 84. Qb4 Kd7 85. Qb7+ Ke8 86.
Ke6 Kf8 87. Qf7# 1-0

[Event "ICS rated blitz match"]
[Site "207.99.83.227"]
[Date "1999.05.10"]
[Round "?"]
[White "Hossa"]
[Black "sicillianknight"]
[Result "0-1"]
[WhiteElo "2431"]
[BlackElo "2664"]
[Annotator "Crafty v16.6"]
[PlyCount "103"]

{annotating for player ossa using a scoring margin of +0.20 pawns. search time
limit is 1:00} 1. e4 1... c5 2. Nc3 Nc6 3. Nf3 g6 4. Bc4 Bg7 5. d3 Na5 6. Bb5 (
{10:-0.14} 6. Bb5 6... a6 7. Ba4 b5 8. Bb3 Bb7 9. Nd2 Nf6 10. O-O 10... O-O $10
) ({10:+0.15} 6. e5 6... Nh6 7. O-O Nxc4 8. dxc4 O-O 9. Ne4 Ng4 10. Qd5 $10)
6... a6 7. Ba4 b5 8. Bb3 Bb7 9. e5 d5 10. exd6 Qxd6 11. Qe2 Bxc3+ 12. bxc3 Qf6
13. Ne5 ({10:-1.19} 13. Ne5 13... Nxb3 14. cxb3 Bxg2 15. Rg1 Bf3 16. Qe3 b4 17.
c4 Rc8 18. Bb2 $17) ({10:-0.28} 13. Bd2 13... Bxf3 14. gxf3 Rd8 15. Qe3 c4 16.
dxc4 Nxc4 17. Bxc4 bxc4 18. O-O Qf5 19. Rac1 $10) 13... Nxb3 14. axb3 Bxg2 15.
Rg1 Bb7 16. Qe3 Qd6 17. Qe2 ({10:-1.59} 17. Qe2 17... f6 18. Bf4 Qe6 19. Ng4
Qf5 20. Bg3 Bf3 21. Ne3 21... Qh5 $19) ({10:-1.37} 17. Ba3 17... f6 18. Nf3
Bxf3 19. Qxf3 Qe5+ 20. Kd1 Rc8 21. Qb7 Qe6 22. Bb2 22... Rc6 $17) 17... f6 18.
Ng4 ({9:-1.89} 18. Ng4 18... h5 19. Ne3 Qe5 20. Bb2 Qxh2 21. O-O-O g5 22. Nf5
$19) ({9:-1.64} 18. Nf3 18... e6 19. Bd2 Qd5 20. Nh4 Ne7 21. O-O-O Nf5 22. Nxf5
22... Qxf5 $19) 18... h5 19. Ne3 Qxh2 20. Rxg6 Qh1+ 21. Qf1 Qxf1+ 22. Nxf1 Bf3
23. Nh2 ({11:-1.21} 23. Nh2 23... Bd5 24. c4 bxc4 25. bxc4 Bf7 26. Rg2 h4 27.
Be3 Rh5 28. Ra5 28... h3 $17) ({11:-0.88} 23. Rg3 23... Bd5 24. Ba3 Rc8 25. Ne3
Bb7 26. O-O-O Kd8 27. Rdg1 Nh6 28. Rg7 $17) 23... Bd5 24. Be3 ({11:-1.31} 24.
Be3 24... c4 25. bxc4 bxc4 26. Ra5 e6 27. dxc4 Be4 28. Rg7 Bxc2 29. Ba7 Bb3 30.
Rxa6 30... Bxc4 $17) ({11:-0.65} 24. c4 24... bxc4 25. bxc4 Bf7 26. Rg2 h4 27.
Be3 Rh5 28. Ra5 Rc8 29. Rxa6 29... Nh6 $15) 24... c4 25. b4 ({11:-1.49} 25. b4
25... cxd3 26. cxd3 Be6 27. Rg7 Bf5 28. O-O-O O-O-O 29. Kc2 Rd5 30. Bc5 30...
e5 $17) ({11:-1.16} 25. bxc4 25... bxc4 26. Ra5 Bf7 27. Rg7 e5 28. Rc5 Kf8 29.
Rg3 Rd8 30. dxc4 30... Ke8 $17) 25... cxd3 26. cxd3 Bb3 27. Nf3 h4 28. Nd4 ({
10:-1.85} 28. Nd4 28... Bd5 29. Ke2 h3 30. f3 e6 31. Rag1 e5 32. Nf5 32... Bb3
$19) ({10:-1.40} 28. c4 28... h3 29. cxb5 Bd5 30. Nh2 axb5 31. Rxa8+ Bxa8 32.
Rg7 Bg2 33. Kd2 33... Kd7 $17) 28... Bd5 29. f3 h3 30. Ke2 e6 31. Rag1 O-O-O
32. Rh1 Rh5 33. Rg7 e5 34. Nc2 Bb3 35. Na1 Bd5 36. Nc2 Re8 37. Bc5 Nh6 38. Rh7
Rg8 39. Ne3 Bc6 40. Bd6 h2 41. Rc7+ Kd8 42. Rxc6 Rg1 43. Bxe5 fxe5 44. Rd6+ Kc7
45. Rxa6 Rxh1 46. Nd5+ Kb7 47. Rb6+ Ka7 48. Rxb5 Re1+ 49. Kd2 h1=Q 50. Ra5+ Kb7
51. Rb5+ Kc8 52. Kc2 0-1

[Event "ICS rated blitz match"]
[Site "207.99.83.227"]
[Date "1999.05.10"]
[Round "?"]
[White "Hossa"]
[Black "JudgeTurpin"]
[Result "1-0"]
[WhiteElo "2449"]
[BlackElo "2586"]
[PlyCount "111"]

1. e4 e5 2. f4 exf4 3. Nf3 d6 4. d4 g5 5. h3 Bg7 6. Be2 f5 7. Nc3 Nc6 8. Bb5 h6
9. exf5 a6 10. Ba4 b5 11. Bb3 Bxf5 12. O-O Nf6 13. Re1+ Ne7 14. Qe2 Rf8 15. a4
b4 16. Nd5 Nfxd5 17. Bxd5 Rb8 18. Qxa6 Kd7 19. Be4 Bxe4 20. Rxe4 Re8 21. Bd2
Nf5 22. Rxe8 Qxe8 23. Qd3 Qe6 24. Re1 Qd5 25. c3 bxc3 26. bxc3 c5 27. a5 cxd4
28. a6 Qc5 29. c4 Kc7 30. Qe4 d3+ 31. Kh2 Bf8 32. a7 Qxa7 33. Qxf5 Ra8 34. Bc3
Qa4 35. Ra1 Qxa1 36. Bxa1 Rxa1 37. Qxf8 Rc1 38. Qe7+ Kc8 39. Qxd6 g4 40. Qxf4
gxf3 41. Qxc1 f2 42. Kg3 d2 43. Qd1 f1=Q 44. Qxf1 Kd7 45. Qd3+ Ke6 46. Qxd2 Ke5
47. Qf4+ Ke6 48. Qxh6+ Ke7 49. Qc6 Kf7 50. Qd5+ Kf6 51. Qd7 Ke5 52. Kf3 Kf6 53.
Kf4 Kg6 54. Qe7 Kh6 55. Kf5 Kh5 56. Qg5# {JudgeTurpin checkmated} 1-0